000
00280nam a2200121 4500
003
OSt
008
231108b |||||||| |||| 00| 0 eng d
041
_a
hin
082
_a
891.54
_b
LAK/RA
100
_a
Lakshminarayan Lal
_9
5572
245
_a
Rathrani
_b
Lakshminarayan Lal
942
_c
BK
999
_c
17780
_d
17780